000 00296nam a22001337a 4500
008 170613b xxu||||| |||| 00| 0 eng d
020 _a06717787735
041 _aeng
080 _a32
100 _a19
101 _aSHP
245 _aWHY AMERICANS HATE POLITICS
_cDIONE.E.J
942 _2udc
_cBK
999 _c17149
_d17149